Up for grabs? (Record no. 82146)
[ view plain ]
| 000 -LEADER | |
|---|---|
| fixed length control field | 01475cab a22002415a 4500 |
| 001 - CONTROL NUMBER | |
| control field | L149343 |
| 008 - FIXED-LENGTH DATA ELEMENTS--GENERAL INFORMATION | |
| fixed length control field | 090821e20100609xxk 000 0 eng d |
| 035 ## - SYSTEM CONTROL NUMBER | |
| System control number | (Sirsi) u149343 |
| 041 0# - LANGUAGE CODE | |
| Language code of text/sound track or separate title | eng |
| 100 1# - MAIN ENTRY--PERSONAL NAME | |
| Personal name | Mathieu, Paul |
| 245 02 - TITLE STATEMENT | |
| Title | Up for grabs? |
| Remainder of title | Large-scale land acquisitions are on the increase in developing countries |
| Medium | [electronic resource] |
| 260 ## - PUBLICATION, DISTRIBUTION, ETC. | |
| Date of publication, distribution, etc. | 2010 |
| 490 ## - SERIES STATEMENT | |
| Series statement | Land Journal |
| Volume/sequential designation | February-March 2010, 20-24 (3) |
| 520 ## - SUMMARY, ETC. | |
| Summary, etc. | Large-scale land acquisitions are on the increase in developing countries, with little protection for local populations or consideration for long-term consequences a report on recent IIED-FAO-IFAD-led research. The report "Land grab or development opportunity? Agricultural investment and international land deals in Africa" was published in 2009, and was the result of collaboration between the International Institute for Environment and Development (IIED), the Food and Agriculture Organization of the United Nations (FAO) and International Fund for Agricultural Development (IFAD), analysing key trends and drivers in land acquisitions. |
| 590 ## - LOCAL NOTE (RLIN) | |
| Local note | KA |
| 651 #4 - SUBJECT ADDED ENTRY--GEOGRAPHIC NAME | |
| Geographic name | United Kingdom |
| Chronological subdivision | |
| 690 ## - LOCAL SUBJECT ADDED ENTRY--TOPICAL TERM (OCLC, RLIN) | |
| Topical term or geographic name as entry element | ENVIRONMENTAL AND LAND CONSULTANCY-GEOMATICS-LAND SURVEYING |
| 700 1# - ADDED ENTRY--PERSONAL NAME | |
| Personal name | Munro-Faure, Paul W. |
| 700 1# - ADDED ENTRY--PERSONAL NAME | |
| Personal name | Arial, Anni |
| 700 1# - ADDED ENTRY--PERSONAL NAME | |
| Personal name | Törhönen, Mika-Petteri |
| 856 48 - ELECTRONIC LOCATION AND ACCESS | |
| Uniform Resource Identifier | <a href="https://www.rics.org/site/download_feed.aspx?fileID=5761&fileExtension=PDF">https://www.rics.org/site/download_feed.aspx?fileID=5761&fileExtension=PDF</a> |
| Public note | View this item (member-only access) at www.rics.org |
| 942 ## - ADDED ENTRY ELEMENTS (KOHA) | |
| Suppress in OPAC | 0 |
| Withdrawn status | Lost status | Source of classification or shelving scheme | Damaged status | Not for loan | Home library | Current library | Shelving location | Date acquired | Total Checkouts | Full call number | Barcode | Date last seen | Copy number | Price effective from | Koha item type |
|---|---|---|---|---|---|---|---|---|---|---|---|---|---|---|---|
| Dewey Decimal Classification | Virtual | Virtual | Online | 22/02/2010 | ONLINE PUBLICATION | 149343-2001 | 06/08/2019 | 1 | 06/08/2019 | Journal article |